[Event "Sparkassen-Open A"]
[Site "Heusenstamm, Martinsee"]
[Date "2023.11.26"]
[Round "6.105"]
[White "Richter, Johanna"]
[Black "Peschel, Julia"]
[Result "1-0"]
[WhiteElo "1529"]
[BlackElo "1591"]
[PlyCount "115"]
[EventDate "2023.??.??"]
[WhiteTeam "Sfr.Heidesheim"]
[BlackTeam "Biebertaler SF"]

1. d4 d5 2. c4 e6 3. Nc3 Nf6 4. cxd5 exd5 5. Bg5 Be7 6. e3 O-O 7. Bd3 c6 8. Qc2 h6 9. Bh4 Re8 10. Nge2 Ne4 11. Bxe7 Qxe7 12. Bxe4 dxe4 13. O-O Nd7 14. Rfd1 Nf6 15. d5 cxd5 16. Nxd5 Nxd5 17. Rxd5 Be6 18. Rd4 Bf5 19. Nc3 Rac8 20. Qd2 Qg5 21. Kh1 Rc6 22. Ne2 Rg6 23. Nf4 Rc6 24. Ne2 Rec8 25. Rc1 Rxc1+ 26. Nxc1 Be6 27. b3 f5 28. Ne2 Qe7 29. h3 Qc7 30. Kg1 Kh7 31. Rd6 Qc2 32. Kh2 Qxd2 33. Rxd2 Rc7 34. Kg1 Bd7 35. f3 exf3 36. gxf3 a5 37. Kf2 g6 38. Nf4 Bc6 39. Ne6 Re7 40. Nd4 Bd7 41. Ne2 Kg7 42. Rd6 g5 43. Rb6 Be8 44. Nd4 Rf7 45. Ne6+ Kh7 46. Nd8 Rd7 47. Rxb7 Rxb7 48. Nxb7 a4 49. Nd6 axb3 50. axb3 Bd7 51. b4 f4 52. b5 fxe3+ 53. Kxe3 h5 54. b6 Bc6 55. b7 Bxb7 56. Nxb7 Kg6 57. Nd6 Kf6 58. Ke4 1-0

[Event "Sparkassen-Open A"]
[Site "Heusenstamm, Martinsee"]
[Date "2023.11.26"]
[Round "6.106"]
[White "Billerbeck, Nick"]
[Black "Hebauf, Markus"]
[Result "1-0"]
[WhiteElo "1659"]
[BlackElo "1518"]
[PlyCount "67"]
[EventDate "2023.??.??"]
[WhiteTeam "SV Unterkochen"]
[BlackTeam "Sfr.1932 Kelkheim"]

1. e4 d6 2. d4 Nf6 3. Nc3 g6 4. f4 Bg7 5. Nf3 O-O 6. Bd3 Bg4 7. h3 Bxf3 8. Qxf3 e5 9. fxe5 dxe5 10. d5 c6 11. dxc6 Nxc6 12. O-O Nb4 13. Rd1 Nxd3 14. Rxd3 Qb6+ 15. Be3 Qxb2 16. Rb1 Qa3 17. Rxb7 Qa6 18. Rb5 Rfd8 19. Qd1 Re8 20. a4 Rac8 21. Bc5 Bf8 22. Bxf8 Nxe4 23. Nxe4 Kxf8 24. Nc5 Rxc5 25. Rxc5 Qxa4 26. Rd8 e4 27. Qd6+ Kg7 28. Rxe8 Qxe8 29. Qe5+ Qxe5 30. Rxe5 f5 31. Re7+ Kf6 32. Rxh7 Ke5 33. Rxa7 Kd4 34. Kf2 1-0

[Event "Sparkassen-Open A"]
[Site "Heusenstamm, Martinsee"]
[Date "2023.11.26"]
[Round "6.107"]
[White "Rotermund, Verena"]
[Black "Rabiya, Karim"]
[Result "0-1"]
[WhiteElo "1581"]
[BlackElo "1737"]
[PlyCount "100"]
[EventDate "2023.??.??"]
[WhiteTeam "Vorw.Orient Mainz"]
[BlackTeam "SK Niederbrechen 1948"]

1. e4 Nf6 2. e5 Nd5 3. c4 Nb6 4. d4 d6 5. exd6 cxd6 6. Nc3 g6 7. Be3 Bg7 8. Be2 O-O 9. Nf3 Bg4 10. O-O Nc6 11. Rc1 Bxf3 12. Bxf3 Nxc4 13. Bxc6 Nxe3 14. fxe3 bxc6 15. Qf3 Qd7 16. Ne4 Rac8 17. Rc2 e5 18. dxe5 Bxe5 19. Rfc1 f5 20. Nd2 d5 21. Nb3 Qd6 22. g3 Qf6 23. Na5 Bxb2 24. Rxc6 Rxc6 25. Rxc6 Qe5 26. Rc5 Qe4 27. Qxe4 dxe4 28. Nc4 Bf6 29. Rc7 Rf7 30. Rc8+ Kg7 31. Nd6 Rd7 32. Rc6 Bg5 33. Kf2 Kf8 34. Ke2 Bd8 35. Nc8 Bc7 36. Rc4 Bd8 37. Ra4 a5 38. Rc4 Rc7 39. Rxc7 Bxc7 40. Na7 Ke7 41. Nc6+ Kd6 42. Nd4 Kd5 43. Kd2 h5 44. Nb5 Be5 45. Ke2 Kc4 46. Na3+ Kb4 47. Nb1 Bc3 48. h4 Be5 49. Kf2 a4 50. Ke2 Bxg3 0-1

[Event "Sparkassen-Open A"]
[Site "Heusenstamm, Martinsee"]
[Date "2023.11.26"]
[Round "6.108"]
[White "Feick, Claas Marten"]
[Black "Hildebrandt, Paul"]
[Result "1-0"]
[WhiteElo "1553"]
[BlackElo "1479"]
[PlyCount "39"]
[EventDate "2023.??.??"]
[WhiteTeam "SF Neuberg"]
[BlackTeam "Obertshausen"]

1. d4 f5 2. c4 e6 3. Nc3 Nf6 4. Bg5 Bb4 5. Bxf6 Qxf6 6. Nf3 Nc6 7. a3 Bxc3+ 8. bxc3 b6 9. Rc1 O-O 10. e3 d5 11. cxd5 exd5 12. c4 Be6 13. c5 Bc8 14. Bb5 Bb7 15. Bxc6 Qxc6 16. Qb3 Ba6 17. Ne5 Qb5 18. Qxd5+ Kh8 19. Nf7+ Rxf7 20. Qxa8+ 1-0

[Event "Sparkassen-Open A"]
[Site "Heusenstamm, Martinsee"]
[Date "2023.11.26"]
[Round "6.109"]
[White "Sasikumar Anitha, Sarvesh"]
[Black "Vinogradov, Ilia"]
[Result "1/2-1/2"]
[WhiteElo "1466"]
[BlackElo "1609"]
[PlyCount "55"]
[EventDate "2023.??.??"]
[WhiteTeam "SK 1858 Gießen"]
[BlackTeam "SV 1947 Walldorf"]

1. e4 e5 2. Nf3 Nc6 3. Bb5 a6 4. Ba4 Nf6 5. O-O b5 6. Bb3 Be7 7. d3 O-O 8. a4 Bb7 9. axb5 axb5 10. Rxa8 Bxa8 11. Re1 Bc5 12. h3 Re8 13. Nbd2 Nd4 14. Nxd4 Bxd4 15. Nf3 Bb6 16. c3 h6 17. Ba2 Qb8 18. Bb3 c6 19. d4 d6 20. Bc2 c5 21. d5 c4 22. b4 Bb7 23. Nd2 Qd8 24. Nf1 Nd7 25. Ng3 Qf6 26. Qf3 Qxf3 27. gxf3 Ra8 28. Bb1 1/2-1/2

[Event "Sparkassen-Open A"]
[Site "Heusenstamm, Martinsee"]
[Date "2023.11.26"]
[Round "6.110"]
[White "Rohatgi, Kushagra"]
[Black "Spelleken, Hans-Gerd"]
[Result "0-1"]
[WhiteElo "1577"]
[BlackElo "1700"]
[PlyCount "136"]
[EventDate "2023.??.??"]
[WhiteTeam "SAbt TuS Makkabi Ffm"]
[BlackTeam "SC Somborn 1933"]

1. e4 c5 2. Nf3 d6 3. d4 cxd4 4. Nxd4 Nf6 5. Nc3 a6 6. Be2 g6 7. Be3 Bg7 8. O-O Nbd7 9. Nb3 b5 10. a3 Bb7 11. Bd3 Ne5 12. f4 Nc4 13. Bxc4 bxc4 14. Nd2 Rc8 15. Qe2 Qc7 16. Rad1 h5 17. Bd4 e5 18. fxe5 dxe5 19. Be3 Ng4 20. h3 Nxe3 21. Qxe3 Bh6 22. Qe2 O-O 23. Kh1 Qc5 24. Nf3 Rcd8 25. Rxd8 Rxd8 26. Rd1 Rxd1+ 27. Qxd1 Bf4 28. Qd8+ Kg7 29. Nd5 Bxd5 30. Qxd5 Qxd5 31. exd5 Kf6 32. Kg1 Ke7 33. Kf2 Kd6 34. b3 Kxd5 35. g3 Bc1 36. bxc4+ Ke6 37. a4 f5 38. Ke2 Bb2 39. Kd2 e4 40. Ng1 Be5 41. Ne2 Kd6 42. h4 Kc5 43. c3 Kxc4 44. Kc2 a5 45. Kd2 Kb3 46. Ke3 Bxc3 47. Nf4 Be5 48. Nxg6 Bxg3 49. Ne7 f4+ 50. Kxe4 Bxh4 51. Nd5 Bg3 52. Nb6 h4 53. Kf3 h3 54. Nd5 Kxa4 55. Nc3+ Kb3 56. Ne4 Kc2 57. Nc5 h2 58. Kg2 f3+ 59. Kxf3 h1=Q+ 60. Kxg3 Qg1+ 61. Kh3 Qxc5 62. Kg2 Kd2 63. Kh2 Ke3 64. Kg2 Qf5 65. Kg1 Kf3 66. Kh2 Qf4+ 67. Kg1 Qg3+ 68. Kf1 Qf2# 0-1

[Event "Sparkassen-Open A"]
[Site "Heusenstamm, Martinsee"]
[Date "2023.11.26"]
[Round "6.111"]
[White "Strache, Rolf"]
[Black "Degenhardt, Andreas"]
[Result "0-1"]
[WhiteElo "1557"]
[BlackElo "1714"]
[PlyCount "76"]
[EventDate "2023.??.??"]
[WhiteTeam "SK Herborn 1946"]
[BlackTeam "SC 1970 Lorsch"]

1. d4 d5 2. c4 e6 3. Nc3 Nf6 4. Bg5 a6 5. e3 dxc4 6. Bxc4 b5 7. Bd3 Bb7 8. Nf3 Nbd7 9. Rc1 c5 10. O-O cxd4 11. Nxd4 Be7 12. Re1 O-O 13. Bb1 Rc8 14. a3 Re8 15. Ba2 Qb6 16. f3 Rcd8 17. Qc2 Bc5 18. Nce2 e5 19. Bxf6 Qxf6 20. Qf5 exd4 21. Qxf6 gxf6 22. exd4 Bb6 23. Kf1 Nb8 24. Red1 Bd5 25. Bxd5 Rxd5 26. b4 Red8 27. g3 Kg7 28. f4 Bxd4 29. Nxd4 Rxd4 30. Rxd4 Rxd4 31. Rc8 Nd7 32. Rd8 f5 33. Ke2 Re4+ 34. Kf3 Nf6 35. Rd6 Re6 36. Rd4 Rc6 37. Rd3 Ne4 38. g4 Rc3 0-1

[Event "Sparkassen-Open A"]
[Site "Heusenstamm, Martinsee"]
[Date "2023.11.26"]
[Round "6.112"]
[White "Köpke, Carolina"]
[Black "Kuckel, Michael"]
[Result "1-0"]
[WhiteElo "1482"]
[BlackElo "1634"]
[PlyCount "97"]
[EventDate "2023.??.??"]
[WhiteTeam "SV Oberursel"]
[BlackTeam "SC Matt im Park Ffm"]

1. d4 f5 2. Bf4 Nf6 3. Nf3 e6 4. e3 Be7 5. Bd3 O-O 6. O-O d5 7. c4 c6 8. Nc3 Ne4 9. Ne5 Nd7 10. Nxd7 Bxd7 11. f3 Nxc3 12. bxc3 g5 13. Bg3 Be8 14. Qc2 Bg6 15. c5 b5 16. a4 a6 17. Ra2 Qd7 18. Rfa1 Qb7 19. Be5 Kf7 20. Qb1 Bf6 21. Bg3 Kg7 22. Bd6 Rfe8 23. Kf2 Kf7 24. h3 Rg8 25. g4 fxg4 26. Bxg6+ Rxg6 27. fxg4 Bd8 28. axb5 cxb5 29. Kg2 Kg8 30. Rb2 Bc7 31. Bxc7 Qxc7 32. Rxb5 Rf8 33. Rb7 Rf2+ 34. Kxf2 Qh2+ 35. Ke1 Qg1+ 36. Kd2 Qg2+ 37. Kc1 Qg1+ 38. Kb2 Qxe3 39. Rxa6 Qe2+ 40. Qc2 Qxa6 41. Rb8+ Kg7 42. Rb6 Qa8 43. Qe2 Qc8 44. Qe5+ Kf7 45. c6 Rf6 46. c7 Rf2+ 47. Kb3 Rf1 48. Kc2 Rf2+ 49. Kd1 1-0

[Event "Sparkassen-Open A"]
[Site "Heusenstamm, Martinsee"]
[Date "2023.11.26"]
[Round "7.1"]
[White "Golubka, Petro"]
[Black "Poetsch, Hagen"]
[Result "1/2-1/2"]
[WhiteElo "2419"]
[BlackElo "2467"]
[PlyCount "21"]
[EventDate "2023.??.??"]
[WhiteTeam "Krakau"]
[BlackTeam "SC Heusenstamm"]

1. e4 {[%emt 0:01:49]} e6 2. d4 {[%emt 0:01:40]} d5 3. e5 {[%emt 0:00:37]} c5 {[%emt 0:00:19]} 4. c3 Nc6 5. Nf3 {[%emt 0:00:06]} Bd7 {[%emt 0:00:07]} 6. Be2 {[%emt 0:00:19]} cxd4 {[%emt 0:00:15]} 7. cxd4 Nge7 {[%emt 0:00:06]} 8. Nc3 {[%emt 0:01:26]} Nf5 {[%emt 0:00:15]} 9. O-O {[%emt 0:00:14]} a6 {[%emt 0:00:05]} 10. Be3 {[%emt 0:01:32]} Be7 {[%emt 0:06:34]} 11. Bd3 {[%emt 0:00:24]} 1/2-1/2

[Event "Sparkassen-Open A"]
[Site "Heusenstamm, Martinsee"]
[Date "2023.11.26"]
[Round "7.2"]
[White "Glöckler, Christian"]
[Black "Korneev, Oleg"]
[Result "1/2-1/2"]
[WhiteElo "2332"]
[BlackElo "2470"]
[PlyCount "22"]
[EventDate "2023.??.??"]
[WhiteTeam "Wiesbadener SV 1885"]
[BlackTeam "TSV Schönaich"]

1. e4 {[%emt 0:00:23]} e5 2. Nf3 Nc6 3. Bb5 {[%emt 0:00:36]} Nf6 4. O-O {[%emt 0:00:15]} Nxe4 {[%emt 0:02:38]} 5. Re1 Nd6 {[%emt 0:00:05]} 6. Nxe5 {[%emt 0:00:09]} Be7 {[%emt 0:00:12]} 7. Bf1 {[%emt 0:00:08]} Nxe5 {[%emt 0:00:04]} 8. Rxe5 {[%emt 0:00:06]} O-O {[%emt 0:00:11]} 9. d4 {[%emt 0:00:21]} Ne8 10. c3 {[%emt 0:02:47]} Bf6 {[%emt 0:02:50]} 11. Re1 {[%emt 0:00:59]} d5 1/2-1/2

[Event "Sparkassen-Open A"]
[Site "Heusenstamm, Martinsee"]
[Date "2023.11.26"]
[Round "7.3"]
[White "Krastev, Alexander"]
[Black "Nothnagel, Marian Can"]
[Result "1/2-1/2"]
[WhiteElo "2440"]
[BlackElo "2394"]
[PlyCount "143"]
[EventDate "2023.??.??"]
[WhiteTeam "Biebertaler SF"]
[BlackTeam "Schachforum Darmstadt 1994"]

1. e4 {[%emt 0:00:55]} e5 2. Nf3 d6 3. d4 exd4 4. Nxd4 Nf6 5. Nc3 {[%emt 0:00:04]} Be7 6. g3 O-O 7. Bg2 Re8 8. O-O {[%emt 0:00:17]} Bf8 9. h3 {[%emt 0:00:24]} c6 10. g4 {[%emt 0:00:05]} h6 {[%emt 0:00:08]} 11. Bf4 {[%emt 0:00:04]} Na6 {[%emt 0:00:57]} 12. Bg3 {[%emt 0:00:12]} Nc5 {[%emt 0:00:15]} 13. Re1 {[%emt 0:00:31]} a5 {[%emt 0:03:19]} 14. Qd2 {[%emt 0:01:22]} Qb6 {[%emt 0:01:10]} 15. b3 {[%emt 0:27:41]} Bd7 {[%emt 0:02:29]} 16. a3 {[%emt 0:00:52]} Rad8 {[%emt 0:02:44]} 17. Rad1 {[%emt 0:00:54]} Bc8 {[%emt 0:15:08]} 18. Re3 {[%emt 0:00:16]} g6 {[%emt 0:11:32]} 19. Bh4 {[%emt 0:00:33]} Bg7 {[%emt 0:00:27]} 20. f4 {[%emt 0:10:08]} Rd7 {[%emt 0:03:46]} 21. Kh1 {[%emt 0:06:58]} Nh7 {[%emt 0:15:34]} 22. Bg3 {[%emt 0:12:12]} Rde7 {[%emt 0:17:26]} 23. f5 {[%emt 0:11:39]} Be5 {[%emt 0:01:18]} 24. Bxe5 {[%emt 0:00:04]} dxe5 {[%emt 0:00:07]} 25. Nf3 {[%emt 0:00:18]} Rd7 {[%emt 0:01:23]} 26. Qe1 {[%emt 0:00:03]} Kg7 {[%emt 0:10:37]} 27. Rxd7 {[%emt 0:03:06]} Bxd7 28. Re2 Qc7 {[%emt 0:03:24]} 29. Rd2 {[%emt 0:01:04]} b5 {[%emt 0:01:02]} 30. Qe3 {[%emt 0:00:49]} Na6 {[%emt 0:04:21]} 31. Ne2 {[%emt 0:00:34]} Bc8 {[%emt 0:00:27]} 32. Ng3 {[%emt 0:04:52]} Nf6 {[%emt 0:03:34]} 33. g5 {[%emt 0:09:41]} hxg5 {[%emt 0:00:09]} 34. Qxg5 {[%emt 0:00:04]} Nh7 {[%emt 0:00:23]} 35. Nh5+ {[%emt 0:06:11]} Kh8 {[%emt 0:00:31]} 36. Qh6 {[%emt 0:00:03]} gxh5 37. Ng5 {[%emt 0:00:25]} f6 {[%emt 0:00:21]} 38. Nxh7 {[%emt 0:00:27]} Qxh7 {[%emt 0:00:08]} 39. Qxf6+ Qg7 {[%emt 0:00:33]} 40. Qxc6 {[%emt 0:00:06]} Rg8 {[%emt 0:02:12]} 41. Qxb5 {[%emt 0:01:22]} Bb7 {[%emt 0:05:34]} 42. f6 {[%emt 0:13:08]} Qg5 {[%emt 0:08:18]} 43. f7 {[%emt 0:01:56]} Rf8 {[%emt 0:22:03]} 44. Rf2 Bc8 45. Qxa5 Kg7 {[%emt 0:02:01]} 46. Qc3 {[%emt 0:01:14]} Nb8 {[%emt 0:04:28]} 47. Bf1 {[%emt 0:01:11]} Kh7 {[%emt 0:00:52]} 48. Bc4 {[%emt 0:04:37]} Nc6 {[%emt 0:01:05]} 49. Rg2 {[%emt 0:01:05]} Qh4 {[%emt 0:00:41]} 50. Qg3 {[%emt 0:00:53]} Qxg3 {[%emt 0:01:36]} 51. Rxg3 Ne7 52. Rg5 {[%emt 0:01:30]} Ng6 {[%emt 0:00:13]} 53. Rxh5+ {[%emt 0:01:58]} Kg7 54. Rg5 {[%emt 0:01:39]} Bxh3 {[%emt 0:00:05]} 55. Kg1 {[%emt 0:00:43]} Kf6 {[%emt 0:01:15]} 56. Rg3 {[%emt 0:00:09]} Bd7 {[%emt 0:00:10]} 57. Kf2 {[%emt 0:02:00]} Rc8 {[%emt 0:00:04]} 58. a4 {[%emt 0:01:28]} Nf8 {[%emt 0:00:52]} 59. a5 {[%emt 0:02:55]} Be6 {[%emt 0:00:17]} 60. Rc3 Ke7 {[%emt 0:03:20]} 61. a6 {[%emt 0:01:09]} Bxf7 {[%emt 0:00:31]} 62. a7 {[%emt 0:00:05]} Bxc4 {[%emt 0:00:36]} 63. Rxc4 {[%emt 0:00:10]} Ra8 {[%emt 0:00:50]} 64. Ra4 {[%emt 0:00:13]} Kd6 65. b4 {[%emt 0:00:51]} Kc6 {[%emt 0:00:36]} 66. c4 {[%emt 0:00:04]} Nd7 {[%emt 0:00:08]} 67. Ra5 {[%emt 0:00:13]} Kb7 {[%emt 0:02:43]} 68. c5 {[%emt 0:00:56]} Nf6 {[%emt 0:00:07]} 69. Kf3 {[%emt 0:00:56]} Rxa7 {[%emt 0:00:21]} 70. c6+ {[%emt 0:00:20]} Kb6 {[%emt 0:00:04]} 71. Rxe5 {[%emt 0:00:20]} Ra8 {[%emt 0:00:07]} 72. Rc5 {[%emt 0:01:13]} 1/2-1/2

[Event "Sparkassen-Open A"]
[Site "Heusenstamm, Martinsee"]
[Date "2023.11.26"]
[Round "7.4"]
[White "Erdmann, Stefan"]
[Black "Milov, Leonid"]
[Result "0-1"]
[WhiteElo "2062"]
[BlackElo "2422"]
[PlyCount "96"]
[EventDate "2023.??.??"]
[WhiteTeam "SK Bad Homburg 1927"]
[BlackTeam "SC Noris-Tarrasch Nürnberg 1873"]

1. d4 f5 {[%emt 0:00:38]} 2. g3 {[%emt 0:00:27]} Nf6 3. Bg2 {[%emt 0:00:22]} d6 {[%emt 0:01:44]} 4. Nf3 {[%emt 0:00:34]} g6 {[%emt 0:00:20]} 5. b3 {[%emt 0:00:32]} Bg7 {[%emt 0:00:30]} 6. Bb2 {[%emt 0:00:36]} a5 {[%emt 0:00:48]} 7. O-O {[%emt 0:02:51]} a4 {[%emt 0:01:45]} 8. c4 {[%emt 0:00:50]} O-O {[%emt 0:02:45]} 9. Qc1 {[%emt 0:04:00]} Ne4 {[%emt 0:10:46]} 10. d5 {[%emt 0:15:17]} e5 {[%emt 0:01:13]} 11. dxe6 {[%emt 0:02:20]} axb3 {[%emt 0:03:50]} 12. Nc3 {[%emt 0:06:25]} Nxc3 {[%emt 0:12:59]} 13. Bxc3 bxa2 {[%emt 0:00:59]} 14. Bxg7 {[%emt 0:03:10]} Kxg7 {[%emt 0:00:07]} 15. c5 {[%emt 0:04:29]} d5 {[%emt 0:15:12]} 16. Ng5 {[%emt 0:03:00]} c6 {[%emt 0:15:22]} 17. Qf4 {[%emt 0:05:02]} Qe7 {[%emt 0:01:34]} 18. h4 {[%emt 0:05:28]} Bxe6 {[%emt 0:04:37]} 19. Qe5+ {[%emt 0:19:09]} Rf6 {[%emt 0:00:28]} 20. Qb2 Bg8 {[%emt 0:04:58]} 21. Rxa2 {[%emt 0:02:48]} Rxa2 {[%emt 0:00:28]} 22. Qxa2 {[%emt 0:00:04]} Nd7 {[%emt 0:06:14]} 23. Rb1 {[%emt 0:10:18]} Nxc5 {[%emt 0:00:43]} 24. Qa3 {[%emt 0:01:03]} h6 {[%emt 0:00:21]} 25. Rc1 {[%emt 0:01:44]} hxg5 {[%emt 0:02:25]} 26. hxg5 {[%emt 0:00:28]} Re6 {[%emt 0:01:14]} 27. Rxc5 {[%emt 0:00:38]} Qxg5 {[%emt 0:00:53]} 28. Qb2+ {[%emt 0:00:54]} Qf6 {[%emt 0:02:52]} 29. Qxb7+ {[%emt 0:00:10]} Bf7 {[%emt 0:00:31]} 30. Qa6 {[%emt 0:03:23]} g5 {[%emt 0:01:16]} 31. e3 {[%emt 0:00:23]} f4 {[%emt 0:01:15]} 32. Qa3 {[%emt 0:02:12]} fxe3 {[%emt 0:01:16]} 33. fxe3 {[%emt 0:00:17]} Qe5 {[%emt 0:01:06]} 34. Qc3 {[%emt 0:00:47]} Qxc3 {[%emt 0:00:56]} 35. Rxc3 {[%emt 0:00:07]} Kf6 {[%emt 0:00:30]} 36. Bh3 {[%emt 0:00:37]} Rd6 {[%emt 0:00:19]} 37. Kf2 {[%emt 0:00:28]} Ke5 {[%emt 0:00:07]} 38. Bc8 {[%emt 0:01:17]} Rf6+ {[%emt 0:01:43]} 39. Ke2 {[%emt 0:00:07]} Kd6 {[%emt 0:01:14]} 40. Rc1 {[%emt 0:01:47]} c5 {[%emt 0:02:50]} 41. Ra1 {[%emt 0:00:37]} Ke5 {[%emt 0:01:24]} 42. Ra5 {[%emt 0:08:39]} c4 {[%emt 0:04:19]} 43. Ra7 {[%emt 0:11:30]} Bg6 {[%emt 0:01:10]} 44. Re7+ {[%emt 0:00:34]} Kd6 {[%emt 0:00:30]} 45. Rg7 {[%emt 0:01:18]} c3 {[%emt 0:16:33]} 46. Ba6 c2 47. Kd2 Rf2+ 48. Kc1 {[%emt 0:00:26]} Be4 {[%emt 0:00:01]} 0-1

[Event "Sparkassen-Open A"]
[Site "Heusenstamm, Martinsee"]
[Date "2023.11.26"]
[Round "7.5"]
[White "Krause, Benedict"]
[Black "Tschernatsch, Johannes"]
[Result "1/2-1/2"]
[WhiteElo "2394"]
[BlackElo "2312"]
[PlyCount "72"]
[EventDate "2023.??.??"]
[WhiteTeam "FC ST.Pauli 1910 eV SAbt"]
[BlackTeam "SC Empor Potsdam 1952 e.V."]

1. e4 {[%emt 0:00:04]} c5 {[%emt 0:00:09]} 2. Nf3 {[%emt 0:00:18]} d6 3. d4 {[%emt 0:00:07]} cxd4 {[%emt 0:00:03]} 4. Nxd4 {[%emt 0:00:08]} Nf6 {[%emt 0:00:27]} 5. Nc3 a6 {[%emt 0:00:19]} 6. Rg1 e5 {[%emt 0:07:53]} 7. Nb3 {[%emt 0:00:37]} h5 {[%emt 0:00:40]} 8. h3 {[%emt 0:00:36]} Be6 {[%emt 0:05:32]} 9. g4 {[%emt 0:00:55]} hxg4 {[%emt 0:00:24]} 10. hxg4 {[%emt 0:00:18]} d5 {[%emt 0:01:41]} 11. exd5 {[%emt 0:00:31]} Nxd5 {[%emt 0:00:10]} 12. Nxd5 {[%emt 0:00:30]} Qxd5 {[%emt 0:03:37]} 13. Qxd5 {[%emt 0:00:51]} Bxd5 14. Be3 {[%emt 0:03:50]} Nc6 {[%emt 0:05:55]} 15. c3 {[%emt 0:13:29]} f6 {[%emt 0:09:08]} 16. O-O-O {[%emt 0:15:18]} O-O-O {[%emt 0:01:37]} 17. Bb6 {[%emt 0:08:46]} Rd7 {[%emt 0:04:26]} 18. Bd3 {[%emt 0:12:20]} e4 {[%emt 0:12:23]} 19. Bc2 {[%emt 0:02:08]} Ne5 {[%emt 0:04:14]} 20. Na5 {[%emt 0:02:40]} Be7 {[%emt 0:33:05]} 21. c4 {[%emt 0:09:54]} Nxc4 {[%emt 0:00:35]} 22. Nxc4 {[%emt 0:00:29]} Bxc4 {[%emt 0:00:04]} 23. Bxe4 {[%emt 0:00:17]} Be6 {[%emt 0:01:36]} 24. Rxd7 {[%emt 0:04:14]} Bxd7 {[%emt 0:00:11]} 25. Kb1 {[%emt 0:01:25]} Kb8 {[%emt 0:01:17]} 26. f3 {[%emt 0:01:58]} Rc8 {[%emt 0:01:32]} 27. Rd1 {[%emt 0:05:33]} Bc6 {[%emt 0:00:47]} 28. Bxc6 {[%emt 0:01:28]} Rxc6 {[%emt 0:00:27]} 29. Re1 {[%emt 0:01:53]} Rxb6 {[%emt 0:00:29]} 30. Rxe7 {[%emt 0:00:15]} g5 31. Rf7 {[%emt 0:01:13]} Rc6 {[%emt 0:00:18]} 32. a4 {[%emt 0:00:59]} a5 {[%emt 0:00:45]} 33. Ka2 {[%emt 0:00:41]} Ka7 {[%emt 0:00:29]} 34. Kb3 {[%emt 0:00:30]} Ka6 {[%emt 0:02:03]} 35. Rd7 {[%emt 0:01:11]} Kb6 {[%emt 0:01:52]} 36. Rd5 {[%emt 0:00:27]} Ka6 {[%emt 0:01:02]} 1/2-1/2

[Event "Sparkassen-Open A"]
[Site "Heusenstamm, Martinsee"]
[Date "2023.11.26"]
[Round "7.6"]
[White "Hahn, Markus"]
[Black "Hinrichs, Paul"]
[Result "1/2-1/2"]
[WhiteElo "2332"]
[BlackElo "2223"]
[PlyCount "45"]
[EventDate "2023.??.??"]
[WhiteTeam "SVG CAISSA Kassel"]
[BlackTeam "Sfr.Heidesheim"]

1. d4 {[%emt 0:00:11]} d5 {[%emt 0:00:14]} 2. Nf3 {[%emt 0:00:57]} Nf6 3. c4 {[%emt 0:00:22]} c6 {[%emt 0:00:19]} 4. Qc2 {[%emt 0:00:04]} dxc4 {[%emt 0:00:09]} 5. Qxc4 {[%emt 0:00:27]} Bf5 {[%emt 0:00:10]} 6. g3 {[%emt 0:00:39]} e6 {[%emt 0:00:20]} 7. Bg2 {[%emt 0:00:09]} Be7 {[%emt 0:00:35]} 8. O-O O-O {[%emt 0:00:12]} 9. Nc3 {[%emt 0:13:13]} Nbd7 {[%emt 0:01:19]} 10. e3 {[%emt 0:00:42]} Bg6 {[%emt 0:00:03]} 11. b3 {[%emt 0:09:24]} Ne4 {[%emt 0:06:43]} 12. Bb2 {[%emt 0:02:45]} Nxc3 {[%emt 0:11:16]} 13. Qxc3 {[%emt 0:00:42]} Be4 {[%emt 0:00:36]} 14. Rfd1 {[%emt 0:03:06]} a5 {[%emt 0:08:26]} 15. Ne1 {[%emt 0:06:08]} Bxg2 {[%emt 0:00:03]} 16. Kxg2 a4 {[%emt 0:01:28]} 17. b4 {[%emt 0:11:35]} Bf6 {[%emt 0:14:10]} 18. Nd3 {[%emt 0:03:03]} Qc7 {[%emt 0:03:29]} 19. Rac1 {[%emt 0:07:55]} Rfc8 {[%emt 0:07:20]} 20. Nc5 {[%emt 0:12:05]} g6 {[%emt 0:01:40]} 21. h4 {[%emt 0:08:43]} Bg7 {[%emt 0:03:57]} 22. a3 {[%emt 0:08:10]} Nxc5 {[%emt 0:03:06]} 23. Qxc5 {[%emt 0:02:00]} 1/2-1/2

[Event "Sparkassen-Open A"]
[Site "Heusenstamm, Martinsee"]
[Date "2023.11.26"]
[Round "7.7"]
[White "Smith, Bryan"]
[Black "Lesny, Florian"]
[Result "1-0"]
[WhiteElo "2396"]
[BlackElo "2216"]
[PlyCount "115"]
[EventDate "2023.??.??"]
[WhiteTeam "Budapest"]
[BlackTeam "SK Bad Homburg 1927"]

1. Nf3 d5 {[%emt 0:00:40]} 2. g3 Nf6 {[%emt 0:00:44]} 3. Bg2 e6 4. O-O {[%emt 0:00:15]} Be7 5. c4 {[%emt 0:01:23]} O-O 6. b3 {[%emt 0:00:17]} d4 {[%emt 0:00:46]} 7. e3 {[%emt 0:06:03]} c5 {[%emt 0:01:03]} 8. exd4 {[%emt 0:00:16]} cxd4 {[%emt 0:00:08]} 9. d3 {[%emt 0:02:55]} Nc6 {[%emt 0:00:53]} 10. Na3 {[%emt 0:02:22]} Re8 {[%emt 0:04:00]} 11. Re1 {[%emt 0:01:49]} Bb4 {[%emt 0:03:47]} 12. Re2 {[%emt 0:01:55]} e5 {[%emt 0:03:40]} 13. Ng5 {[%emt 0:10:16]} h6 {[%emt 0:05:20]} 14. Ne4 {[%emt 0:00:23]} Bg4 {[%emt 0:02:47]} 15. f3 {[%emt 0:00:35]} Nxe4 {[%emt 0:00:57]} 16. fxg4 {[%emt 0:08:42]} Nc3 {[%emt 0:00:23]} 17. Qf1 {[%emt 0:00:30]} Nxe2+ {[%emt 0:01:42]} 18. Qxe2 {[%emt 0:00:05]} Qe7 {[%emt 0:02:23]} 19. Nc2 {[%emt 0:00:26]} Bc3 {[%emt 0:02:17]} 20. Ba3 {[%emt 0:00:56]} Nb4 {[%emt 0:02:29]} 21. Rf1 {[%emt 0:03:00]} a5 {[%emt 0:05:36]} 22. Bd5 {[%emt 0:03:31]} Rf8 {[%emt 0:01:10]} 23. Qe4 {[%emt 0:04:24]} Qc7 {[%emt 0:07:12]} 24. Nxb4 {[%emt 0:05:17]} axb4 {[%emt 0:02:14]} 25. Bc1 {[%emt 0:03:24]} Ra6 {[%emt 0:03:48]} 26. g5 {[%emt 0:16:08]} hxg5 {[%emt 0:06:27]} 27. Bxg5 {[%emt 0:00:51]} Rxa2 {[%emt 0:02:21]} 28. Qh4 {[%emt 0:15:23]} Ra1 {[%emt 0:06:26]} 29. Rxa1 {[%emt 0:00:35]} Bxa1 {[%emt 0:00:09]} 30. Be7 {[%emt 0:01:55]} Qd7 {[%emt 0:02:33]} 31. g4 {[%emt 0:06:52]} Bc3 {[%emt 0:02:04]} 32. Bxf8 {[%emt 0:00:44]} Kxf8 {[%emt 0:00:07]} 33. Qh8+ {[%emt 0:00:21]} Ke7 {[%emt 0:00:09]} 34. Qxg7 Kd6 {[%emt 0:01:35]} 35. Qf6+ {[%emt 0:00:42]} Kc5 {[%emt 0:00:18]} 36. Qxe5 {[%emt 0:00:11]} Qxg4+ {[%emt 0:00:56]} 37. Bg2+ {[%emt 0:00:08]} Kb6 {[%emt 0:00:37]} 38. Qb5+ {[%emt 0:00:10]} Kc7 {[%emt 0:00:09]} 39. Qxb7+ {[%emt 0:00:16]} Kd8 {[%emt 0:04:33]} 40. Qxf7 {[%emt 0:03:16]} Bd2 {[%emt 0:04:11]} 41. Qf8+ {[%emt 0:05:53]} Kc7 {[%emt 0:03:28]} 42. Qf7+ {[%emt 0:02:07]} Kd8 {[%emt 0:00:29]} 43. Qf3 {[%emt 0:01:04]} Be3+ {[%emt 0:01:25]} 44. Kh1 {[%emt 0:01:33]} Qh4 {[%emt 0:01:50]} 45. Qg3 {[%emt 0:02:33]} Qxg3 {[%emt 0:00:34]} 46. hxg3 {[%emt 0:00:09]} Ke7 {[%emt 0:01:29]} 47. c5 {[%emt 0:00:57]} Ke6 {[%emt 0:00:21]} 48. c6 {[%emt 0:00:41]} Bg5 {[%emt 0:00:57]} 49. Bd5+ {[%emt 0:00:38]} Kd6 {[%emt 0:00:12]} 50. Kg2 {[%emt 0:00:18]} Bd8 {[%emt 0:00:12]} 51. Be4 {[%emt 0:00:21]} Ke5 {[%emt 0:00:36]} 52. Kf3 {[%emt 0:00:11]} Bc7 {[%emt 0:01:29]} 53. Kg4 {[%emt 0:00:27]} Kf6 {[%emt 0:00:25]} 54. Kh4 {[%emt 0:00:51]} Bd6 {[%emt 0:02:01]} 55. g4 {[%emt 0:01:07]} Bf4 {[%emt 0:00:37]} 56. Kh5 Bc7 {[%emt 0:00:30]} 57. g5+ {[%emt 0:00:19]} Kg7 {[%emt 0:00:10]} 58. Kg4 {[%emt 0:00:20]} 1-0